00347nam a2200145 a 45000010005000000030009000050080041000140400028000550820016000831000028000992450010001272600032001373000010001696500022001794832CO-ViMGA141112s2004 ck r 000 u spa d aCO-ViMGAbspacCO-ViMGA a861.5 B326r1 aBecquer, Gustavo Adolfo10aRimas aMadrid : bCastalia, c1990 a159 p14aPOESIA ESPAÑOLA